Teleinformática (Record no. 95921)

MARC details
000 -LEADER
campo de control de longitud fija 00940nam a2200229 i 4500
001 - NÚMERO DE CONTROL
campo de control 95921
003 - IDENTIFICADOR DE NÚMERO DE CONTROL
campo de control ES-MaACL
007 - CAMPO FIJO DE DESCRIPCIÓN FÍSICA--INFORMACIÓN GENERAL
campo de control de longitud fija t|
008 - DATOS DE LONGITUD FIJA--INFORMACIÓN GENERAL
campo de control de longitud fija 050608s1985 sp ||||1| spa d
020 ## - NÚMERO INTERNACIONAL ESTÁNDAR DEL LIBRO
Número Internacional Estándar del Libro 84-282-0761-5
100 1# - ENTRADA PRINCIPAL--NOMBRE DE PERSONA
Nombre de persona Macchi, César.
9 (RLIN) 75081
245 10 - MENCIÓN DEL TÍTULO
Título Teleinformática
Resto del título : transporte y tratamiento de la información en las redes y sistemas teleinformáticos /
Mención de responsabilidad, etc. César Macchi, Jean-François Guilbert; prólogo de Jacques Arsac y Bernard Picinbono; conclusión de François H. Raymond; [traducido por José Bosch Solsona y Federico Valero Cuní].
260 ## - PUBLICACIÓN, DISTRIBUCIÓN, ETC.
Lugar de publicación, distribución, etc. Barcelona :
Nombre del editor, distribuidor, etc. Omega,
Fecha de publicación, distribución, etc. 1985.
300 ## - DESCRIPCIÓN FÍSICA
Extensión XXV, 650 p. ;
Dimensiones 24 cm.
700 1# - ENTRADA AGREGADA--NOMBRE PERSONAL
Nombre de persona Guilbert, Jean-François.
9 (RLIN) 60693
700 1# - ENTRADA AGREGADA--NOMBRE PERSONAL
Nombre de persona Arsac, Jacques.
9 (RLIN) 23405
700 1# - ENTRADA AGREGADA--NOMBRE PERSONAL
Nombre de persona Picinbono, Bernard.
9 (RLIN) 91845
700 1# - ENTRADA AGREGADA--NOMBRE PERSONAL
Nombre de persona Raymond, François H.
9 (RLIN) 95629
700 1# - ENTRADA AGREGADA--NOMBRE PERSONAL
Nombre de persona Bosch Solsona, José.
9 (RLIN) 30666
700 1# - ENTRADA AGREGADA--NOMBRE PERSONAL
Nombre de persona Valero Cuní, Federico.
9 (RLIN) 112664
852 ## - LOCALIZACIÓN
Ubicación ES-MaACL
Número de control de estantería L-8928
Sublocalización o colección R.110642
Holdings
Estatus retirado Estado de pérdida Estado de daño No para préstamo Biblioteca de origen Biblioteca actual Ubicación en estantería Fecha de adquisición Fuente de adquisición Total de préstamos Signatura topográfica completa Código de barras Visto por última vez Precio de reemplazo Tipo de ítem Koha
        Biblioteca del Ateneo de Madrid Biblioteca del Ateneo de Madrid Depósito 2 17/01/2008     L-8928 1100156 23/02/2023 23/02/2023 Libro impreso